LEADER 00767nam a2200217 i 4500 001 000000028774 003 CaOOAMICUS 005 20180830125448.0 008 180830s1874 fr u000 u und u 040 $aSeMil$bita 100 1 $aGratry, Alphonse,$d<1805-1872>.$0(OLS)http://semarc/name/7336 245 10$aDe la connaissance de l'ame /$cA. Gratry. 250 $a5. éd. 260 $aParis :$bAd. Lainé,$c1874. 300 $a2 v. ;$c18 cm. 500 $aIn testa al front. : Philosophie. 650 4$aAnima - Filosofia.$0(OLS)http://semarc/subject/2216 774 0 $tTome 1.$g1$w()72365 774 0 $tTome 2.$g2$w()222233 996 $6245$aDe la connaissance de l'ame$9(OLS)http://semarc/title/39059 996 $6260$aParis :$bAd. Lainé$9(OLS)http://semarc/publisher/37867 LEADER 01055nam a2200253 i 4500 001 000000182899 003 CaOOAMICUS 005 20151008000000.0 008 151008s1975 it u000 u ita u 013 $a160860 040 $aSeMil$bita 100 1 $aMassaruti, Giuseppe.$0(OLS)http://semarc/name/67364 245 10$aDa Te consolato con Te consolatore :$bitinerario di un'anima /$cPadre Giuseppe Massaruti ; a cura di Gabrio Lombardi. 260 $aMilano :$bÀncora,$ccopyr. 1975. 300 $a310 p. ;$c21 cm. 500 $aFondo card. Giovanni Colombo. 650 4$aAutobiografie.$0(OLS)http://semarc/subject/2396 700 1 $aLombardi, Gabrio ,$d<1913-1994>.$0(OLS)http://semarc/name/8589 850 $aSeMil 852 $aSeMil$W1$xVenegono$y1$m3GC V 345$j133603$B133603$CSeMilBibl$Z2$F206548 $8B 941 1 $a3 961 $aLascito: Colombo Card. Giovanni 996 $6245$aDa Te consolato con Te consolatore :$bitinerario di un'anima$9(OLS)http://semarc/title/262470 996 $6260$aMilano :$bÀncora$9(OLS)http://semarc/publisher/29763